TV Show by Letter-less Logo Quiz Stats

Quiz Updated Sep 16, 2015

Challenge
Share
Tweet
Score 0/22 Timer 07:00
9 Plays Today
% Correct
Batman
99.9%
I Love Lucy
84%
Charlie's Angels
83.9%
Mad Men
76.7%
Frasier
75.5%
The Twilight Zone
74.6%
Seinfeld
71%
Bewitched
68.1%
NYPD Blue
64%
Conan
60.1%
American Idol
59.6%
% Correct
The Partridge Family
58.7%
SpongeBob SquarePants
58.5%
The Sopranos
51.6%
Marvel's Agents of S.H.I.E.L.D.
49.9%
Mork & Mindy
48.8%
Hell's Kitchen
43.2%
Alfred Hitchcock Presents
42.6%
Numb3rs
42.6%
Bones
39.2%
24
36.7%
Criminal Minds
23.2%

You're not logged in!

Compare scores with friends on all Sporcle quizzes.
Sign Up with Email
OR
Log In

You Might Also Like...

Show Comments

Extras

Top Quizzes Today


Score Distribution

Your Account Isn't Verified!

In order to create a playlist on Sporcle, you need to verify the email address you used during registration. Go to your Sporcle Settings to finish the process.